New Mexico populism : a study of radical protest in a western territory /

Bibliographic Details
Main Author: Larson, Robert W., 1927-
Format: Book
Language:English
Published: Boulder : Colorado Associated University Press, [1974]
Subjects:

MARC

Tag First Indicator Second Indicator Subfields
LEADER 00000cam a2200000 i 4500
001 in00000257579
005 20151010053647.0
008 741211s1974 cou b 00110 eng
010 |a  73089256  
020 |a 0870810545 
035 |a (OCoLC)01165346 
035 |9 ABC5297AM 
040 |a DLC  |c DLC  |d TXA  |d UtOrBLW 
043 |a n-us-nm 
049 |a TXAM  |c [1339330] 
050 0 |a F801  |b .L318 
082 0 |a 329/.88/009789 
100 1 |a Larson, Robert W.,  |d 1927- 
245 1 0 |a New Mexico populism :  |b a study of radical protest in a western territory /  |c Robert W. Larson ; with a foreword by Howard R. Lamar. 
264 1 |a Boulder :  |b Colorado Associated University Press,  |c [1974] 
300 |a xiv, 240 pages ;  |c 24 cm. 
336 |a text  |b txt  |2 rdacontent 
337 |a unmediated  |b n  |2 rdamedia 
338 |a volume  |b nc  |2 rdacarrier 
500 |a Includes index. 
504 |a Bibliography: pages 181-188. 
650 0 |a Populism  |z New Mexico. 
651 0 |a New Mexico  |x Politics and government  |y 1848-1950. 
999 |a MARS 
999 f f |s d0fb2e58-fe48-302e-88a0-624eadf8628f  |i 0a15f5cf-66e5-3271-8637-ab9697e40581  |t 0 
952 f f |p ric  |a Texas A&M University  |b Rellis Campus  |c Joint Library Facility  |d Remote Storage  |t 0  |e F801 .L318  |h Library of Congress classification  |i unmediated -- volume  |m A14802318799 
998 f f |a F801 .L318  |t 0  |l Remote Storage